000 01132nam a2200193Ia 4500
999 _c37983
_d37983
001 3967
003 GE_BSU
005 20190823171916.0
008 181216s1989||||ge |||||||||||||| ||geo||
040 _cGE_BSU
041 _ageo
080 _a34(479.22)(094.4) ს–32
245 _aსაქართველოს სსრ კანონთა წიგნი :
_bტ. 6 : კანონმდებლობა მართლმსაჯულებისა და მართლწესრიგის დაცვის შესახებ /
_c საქ. სსრ უმაღლ. საბჭოს პრეზიდიუმი, საქ. სსრ მინისტრთა საბჭო.
264 _aთბ. :
_bსაბჭ. საქართველო,
_c1989.
300 _a518 გვ. ;
_b27 ამ.
653 _a საქართველოს კანონთა კრებულები
710 _aსაქ. სსრ უმაღლ. საბჭოს პრეზიდიუმი, საქ. სსრ მინისტრთა საბჭო.
_93776
942 _cBK
_2udc